00299nam a2200121Ia 4500008004100000041000800041082001700049100001700066245002300083260003300106300003100139365000700170240624s9999 xx 000 0 und d aeng a658.4022 WES aWEST MICHAEL aEFFECTIVE TEAMWORK c1996aNew DelhibExcel Books axvi, : 127 : p. : cm. ; 22 cRS